| 000 | 00620nam a2200205 u 4500 | ||
|---|---|---|---|
| 005 | 20240228063658.0 | ||
| 008 | 161128s2006 es r 000 0 spa d | ||
| 020 | _a8466751866 | ||
| 035 | _aUPN01000214984 | ||
| 049 | _aI | ||
| 050 | 4 |
_aPQ6619 I4 _bP5.9d 2006 |
|
| 100 | 1 |
_aLópez Narváez, Concha, _d1939- _930990 |
|
| 245 | 1 | 0 |
_aPlatero y yo / _ccontado por Concha López Narváez ; il. de Ximena Maier. |
| 250 | _a4a ed. | ||
| 260 |
_aMadrid : _bAnaya, _c2006. |
||
| 300 |
_a62 p. : _bil. col. |
||
| 600 | 1 | 4 |
_aJIMENEZ, JUAN RAMON, _d1881-1958 |
| 650 | 4 |
_aLiteratura infantil española _95892 |
|
| 905 | _aInfantil | ||
| 999 |
_c187084 _d187084 |
||